| 000 | 00404nam a2200109Ia 4500 | ||
|---|---|---|---|
| 008 | 160909s9999 xx 000 0 und d | ||
| 100 | _aKhare, Amy Turnbull | ||
| 245 | _aPrivatizing Chicago: The politics of urban redevelopment in public housing reforms | ||
| 260 |
_bThe University of Chicago. _c2016 |
||
| 650 | _aFINANCIAL MANAGEMENT | ||
| 856 | _uhttp://pqdtopen.proquest.com/doc/1799650562.html?FMT=ABS | ||
| 999 |
_c304581 _d304581 |
||